Classifica Marcatori Salernitana All-Time - Statistics

Statistiche generali
  • Questo quiz è stato fatto 17 volte
    4 dall'ultimo reset
  • Il punteggio medio è 2 su 10
Statistiche sulle risposte
Gol Nazione Calciatore % Corretto
34 Italia Arturo Di Napoli
75%
60 Italia Giovanni Pisano
75%
40 Italia David Di Michele
50%
53 Italia Vincenzo Margiotta
25%
35 Italia Antonio Giorgetti
0%
51 Italia Antonio Valese
0%
43 Italia Giovanni Zaccaro
0%
42 Italia Lidio Massagrande
0%
35 Italia Luigi Miconi
0%
46 Italia Silvio Finotto
0%
Nessun quiz corrispondente trovato
Distribuzione punteggi
Percentuale di utenti per punteggio
Percentile per numero di risposta
I tuoi punteggi nel tempo
Non hai fatto questo quiz dall'ultimo reset